[Event "Znojemska Rotunda 2007"]
[Site "?"]
[Date "2007.08.25"]
[Round "9.7"]
[White "Dobes, Oldrich"]
[Black "Simecek, Josef"]
[Result "1-0"]
[WhiteElo "2011"]
[BlackElo "1459"]
[PlyCount "93"]
[EventDate "2007.08.18"]

1. c4 Nf6 2. Nc3 d5 3. cxd5 Nxd5 4. Nf3 b6 5. g3 Bb7 6. Bg2 e6 7. O-O Be7 8. d3
O-O 9. Ne4 c5 10. Ne5 Nd7 11. Bf4 Nxf4 12. gxf4 Rb8 13. Nc4 Nf6 14. a4 Nxe4 15.
dxe4 Qxd1 16. Rfxd1 Rfd8 17. e5 Bxg2 18. Kxg2 Rxd1 19. Rxd1 Rd8 20. Rc1 Rd4 21.
Kf3 f6 22. e3 Rd7 23. Rc2 Kf7 24. exf6 Bxf6 25. Ne5+ Bxe5 26. fxe5 Rd5 27. Ke4
Rd1 28. a5 Rd7 29. f4 g6 30. Rc3 Rd2 31. axb6 axb6 32. Rb3 Rxh2 33. Rxb6 h5 34.
b4 cxb4 35. Rb7+ Kf8 36. Rxb4 h4 37. Kf3 Rh3+ 38. Kg4 Rxe3 39. Kxh4 Re1 40. Rb6
Rh1+ 41. Kg5 Rh5+ 42. Kxg6 Rf5 43. Rxe6 Rxf4 44. Rf6+ Rxf6+ 45. Kxf6 Ke8 46.
Ke6 Kd8 47. Kf7 1-0

[Event "Znojemska Rotunda 2007"]
[Site "?"]
[Date "2007.08.25"]
[Round "9.8"]
[White "Rysavy, Jan"]
[Black "Blazek, Milos"]
[Result "1/2-1/2"]
[WhiteElo "1601"]
[BlackElo "2095"]
[PlyCount "29"]
[EventDate "2007.08.18"]

1. e4 e5 2. Nf3 Nc6 3. Bc4 Nf6 4. Ng5 Bc5 5. Nxf7 Bxf2+ 6. Kxf2 Nxe4+ 7. Kg1
Qh4 8. Qe2 Nd4 9. Qf1 Rf8 10. c3 Nc2 11. Qe2 Nxa1 12. d3 Rxf7 13. Bxf7+ Kxf7
14. dxe4 d6 15. h3 1/2-1/2

[Event "Znojemska Rotunda 2007"]
[Site "?"]
[Date "2007.08.25"]
[Round "9.9"]
[White "Adam, Petr"]
[Black "Vavrousek, Petr"]
[Result "1-0"]
[WhiteElo "1636"]
[BlackElo "1801"]
[PlyCount "67"]
[EventDate "2007.08.18"]

1. e4 d5 2. exd5 Qxd5 3. Nc3 Qd8 4. g3 g6 5. Bg2 Nh6 6. Nge2 Nf5 7. O-O Bg7 8.
d3 c6 9. Rb1 Be6 10. b4 h5 11. h4 a6 12. Bf4 g5 13. Bxg5 Bxc3 14. Nxc3 Nxg3 15.
fxg3 Qd4+ 16. Kh2 Qxc3 17. a4 Nd7 18. Qd2 Qxd2 19. Bxd2 Nf6 20. b5 O-O 21. bxc6
bxc6 22. Bxc6 Ra7 23. Rb7 Ng4+ 24. Kg1 Raa8 25. Rb6 Rfb8 26. a5 Rxb6 27. axb6
Rb8 28. b7 Ne5 29. Bg2 Nd7 30. Bf4 Rf8 31. Rb1 Nb8 32. Rb6 Bg4 33. Bxb8 Rxb8
34. Rxa6 1-0

[Event "Znojemska Rotunda 2007"]
[Site "?"]
[Date "2007.08.25"]
[Round "9.10"]
[White "Horak, Karel sen"]
[Black "Mikulu, Lukas"]
[Result "1-0"]
[WhiteElo "1770"]
[BlackElo "1608"]
[PlyCount "51"]
[EventDate "2007.08.18"]

1. d4 d5 2. c4 c6 3. Nc3 e6 4. cxd5 cxd5 5. Nf3 Nf6 6. Bg5 Be7 7. e3 O-O 8. Bd3
Nbd7 9. O-O b6 10. Rc1 Ne8 11. Bf4 Bd6 12. Ne5 Bxe5 13. dxe5 Bb7 14. Qg4 Kh8
15. Nb5 a6 16. Qh3 g6 17. Nd4 Rc8 18. Rxc8 Qxc8 19. Nxe6 fxe6 20. Bxg6 Ndf6 21.
exf6 Nxf6 22. Be5 Qd7 23. Rc1 Qg7 24. Bxh7 Qg5 25. Bf5+ Kg8 26. Bxe6+ 1-0

[Event "Znojemska Rotunda 2007"]
[Site "?"]
[Date "2007.08.25"]
[Round "9.11"]
[White "Petlak, Josef"]
[Black "Bastyr, Pavel"]
[Result "1-0"]
[WhiteElo "2009"]
[BlackElo "1569"]
[PlyCount "49"]
[EventDate "2007.08.18"]

1. e4 c6 2. d4 d5 3. Nd2 dxe4 4. Nxe4 Bf5 5. Ng3 Bg6 6. h4 h6 7. Nf3 Nd7 8. h5
Bh7 9. Bd3 Bxd3 10. Qxd3 e6 11. Bd2 Ngf6 12. O-O-O Qb6 13. Kb1 O-O-O 14. c4 Nc5
15. dxc5 Bxc5 16. Qc2 Bxf2 17. Ne2 Ng4 18. Qe4 Nf6 19. Qe5 Rd7 20. Ba5 Qa6 21.
Rxd7 Bb6 22. Rc7+ Kb8 23. Bxb6 axb6 24. Rd7+ Ka7 25. Rd3 1-0

[Event "Znojemska Rotunda 2007"]
[Site "?"]
[Date "2007.08.25"]
[Round "9.13"]
[White "Havel, Vojtech"]
[Black "Kyselka, Daniel"]
[Result "1/2-1/2"]
[WhiteElo "1661"]
[BlackElo "1662"]
[PlyCount "33"]
[EventDate "2007.08.18"]

1. d4 d5 2. c4 e6 3. Nc3 Nf6 4. Bg5 Be7 5. Nf3 O-O 6. e3 h6 7. Bh4 b6 8. cxd5
exd5 9. Bd3 Bb7 10. O-O Nbd7 11. Rc1 c6 12. Re1 Re8 13. a3 a6 14. Na4 a5 15.
Re2 Rc8 16. Rec2 Bd6 17. Qe1 1/2-1/2

[Event "Znojemska Rotunda 2007"]
[Site "?"]
[Date "2007.08.25"]
[Round "9.15"]
[White "Sramek, Jiri"]
[Black "Rysavy, Jindrich"]
[Result "1-0"]
[WhiteElo "1366"]
[BlackElo "1413"]
[PlyCount "45"]
[EventDate "2007.08.18"]

1. e4 c6 2. d4 d5 3. exd5 cxd5 4. Nf3 Nc6 5. Be2 Bf5 6. c3 Nf6 7. O-O Qc7 8.
Be3 e6 9. Nbd2 Bd6 10. h3 h6 11. c4 dxc4 12. Nxc4 Bf4 13. Bxf4 Qxf4 14. Nce5
Nxe5 15. Nxe5 Rd8 16. Qa4+ Ke7 17. Qb4+ Ke8 18. Bb5+ Nd7 19. Bxd7+ Rxd7 20.
Nxd7 Kxd7 21. Rac1 b6 22. Qa4+ Ke7 23. Qxa7+ 1-0